The Hare and the Hedgehog : (Record no. 8997)

MARC details
000 -LEADER
fixed length control field 01302nam a22002657a 4500
001 - CONTROL NUMBER
control field 8997
003 - CONTROL NUMBER IDENTIFIER
control field FISKH
005 - DATE AND TIME OF LATEST TRANSACTION
control field 20251113102350.0
008 - FIXED-LENGTH DATA ELEMENTS--GENERAL INFORMATION
fixed length control field 251113b cb ||||| |||| 00| 0 eng d
020 ## - INTERNATIONAL STANDARD BOOK NUMBER
International Standard Book Number 9788956355078
040 ## - CATALOGING SOURCE
Original cataloging agency FISKH
Language of cataloging eng
Transcribing agency FISKH
Modifying agency FISKH
082 ## - DEWEY DECIMAL CLASSIFICATION NUMBER
Classification number 398.2
100 ## - MAIN ENTRY--PERSONAL NAME
Personal name Sormark, Julie
245 ## - TITLE STATEMENT
Title The Hare and the Hedgehog :
Remainder of title Through the art style of Claude Monet /
Statement of responsibility, etc. Retold by Julie Sormark
260 ## - PUBLICATION, DISTRIBUTION, ETC.
Place of publication, distribution, etc. Seoull :
Name of publisher, distributor, etc. Efuture,
Date of publication, distribution, etc. 2010.
300 ## - PHYSICAL DESCRIPTION
Extent 35 pages :
Other physical details color illustrations ;
Dimensions 24 cm
505 ## - FORMATTED CONTENTS NOTE
Formatted contents note P<br/>
520 ## - SUMMARY, ETC.
Summary, etc. The story is a retelling of the classic Brothers Grimm folktale. A boastful hare mocks the humble hedgehog for his short legs and slow pace. The hedgehog challenges the hare to a race and cleverly devises a trick: he and his wife take turns appearing at the finish line, shouting “I’m already here!” each time the hare reaches the end of his furrow. Repeatedly outsmarted, the hare eventually collapses from exhaustion. The tale teaches a lesson about humility, cleverness, and the dangers of underestimating others.
521 8# - TARGET AUDIENCE NOTE
Target audience note 600<br/>
Source Lexile estimate<br/>
521 8# - TARGET AUDIENCE NOTE
Target audience note P<br/>
Source Raz-Plus<br/>
650 ## - SUBJECT ADDED ENTRY--TOPICAL TERM
Topical term or geographic name entry element Animals
Form subdivision Trickery / Cleverness
General subdivision Hare Hedgehog
700 ## - ADDED ENTRY--PERSONAL NAME
Personal name Monet, Claude
Relator term illustrator
942 ## - ADDED ENTRY ELEMENTS (KOHA)
Source of classification or shelving scheme Dewey Decimal Classification
Koha item type Books
Suppress in OPAC No
Holdings
Withdrawn status Lost status Source of classification or shelving scheme Damaged status Not for loan Collection Home library Current library Shelving location Date acquired Total Checkouts Full call number Barcode Date last seen Copy number Price effective from Koha item type
    Dewey Decimal Classification     Juvenile Fiction Footprints International School Library Network Toul Tom Poung Campus Footprints International School Library Network Toul Tom Poung Campus TTP Primary Yellow Bookshelves 11/13/2025   SOR 398.2 PZ7 FISBK00452 11/13/2025 1 11/13/2025 Books